000 00781nam a2200217 i 4500
001 bgj
100 1 _aPONSONBY, Mimi
245 1 0 _aHow now, Brown cow ? :
_ba course in the pronunciation of English, with exercises and dialogues /
_cby Mimi Ponsonby ; illustrated by Duncan.
260 _aHemel Hempstead :
_bPrentice Hall Europe ELT,
_c1998.
300 _aXIII, 123 pp :
_bill. ;
_c24 cm.
500 _a1st publ. 1982 by Pergamon Press.
500 _aThis edition 1st published in 1992 by Prentice Hall International (UK).
650 9 _aEnglish language
_xPronunciation
655 _aTextbooks for foreigners
020 _a0134243269 (pbk)
040 _cBPK
041 0 _aeng
920 _a0-13-424326-9 (pbk)
942 _cKS
008 s uk f |000 0 eng
999 _c48327
_d48327
856 _uhttp://koha.tu.koszalin.pl/cgi-bin/koha/opac-detail.pl?biblionumber=48327
_yKatalog online BPK